| 000 | 00463nam a2200181Ia 4500 | ||
|---|---|---|---|
| 001 | 10551 | ||
| 005 | 20260306161840.0 | ||
| 008 | 260306t1974||||xx |||||||||||||| ||spa|| | ||
| 041 | _aESP | ||
| 082 |
_a940.25 _bG86 |
||
| 100 |
_aGuérin, Daniel _eAUT |
||
| 245 | 0 | _aLa lucha de clases en el apogeo de la Revolución Francesa, 1793-1795 | |
| 260 | _c1974 | ||
| 300 |
_a304 páginas : _c18 cm. |
||
| 650 | _aGEN | ||
| 654 | _aCHU | ||
| 942 |
_cLIB _dJUS _fJUS _2ddc _n |
||
| 999 |
_c10551 _d10551 |
||